| 000 | 00652nab a2200265 a 4500 | ||
|---|---|---|---|
| 001 | 57670 | ||
| 003 | 128998 | ||
| 005 | 20201118103340.0 | ||
| 008 | ||||||n9999 ||| || || | ||
| 041 | _aspa | ||
| 100 | _aJaramillo Pérez, Iván | ||
| 245 | 0 | _aLa descentralizacion en el sector salud | |
| 260 |
_aBogotá : _bFUNFO, _c1996. |
||
| 300 | _app.79-87 | ||
| 562 | _e0 | ||
| 650 | _aDEMANDA | ||
| 650 | _aDESCENTRALIZACIÓN | ||
| 650 | _aLEGISLACIÓN | ||
| 650 | _aMINISTERIO DE SALUD | ||
| 650 | _aOFERTA | ||
| 650 | _aSEGUROS SOCIALES | ||
| 650 | _aSISTEMA DE SALUD | ||
| 773 |
_034270 _aRevista Foro - No.29 |
||
| 942 | _cSART | ||
| 999 |
_c57670 _d57670 |
||